Statistics for Influential Women Writers

Click here to take the quiz!

General Stats

  • This quiz has been taken 171 times
  • The average score is 9 of 23

Answer Stats

Work(s)Author% Correct
Jane Eyre, VilletteCharlotte Brontë
94%
Frankenstein, The Last ManMary Shelley
93%
Murder on the Orient ExpressAgatha Christie
88%
Northanger Abbey, PersuasionJane Austen
83%
Mrs Dalloway, To the Lighthouse, A Room of One's OwnVirginia Woolf
76%
Ariel, The Bell JarSylvia Plath
69%
Uncle Tom's CabinHarriet Beecher Stowe
59%
The Tale of Peter Rabbit, The Tale of Jemima Puddle-DuckBeatrix Potter
54%
The Ethics of Ambiguity, The Second SexSimone de Beauvoir
54%
The Mill on the Floss, MiddlemarchGeorge Eliot
49%
only fragments of her lyric poetry survive (mostly passionate homages to the charms of attractive young women)Sappho
44%
North and South, Wives and DaughtersElizabeth Gaskell
31%
Their Eyes Were Watching GodZora Neale Hurston
25%
Gaudy Night, The Nine TailorsDorothy L. Sayers
11%
The Tale of GenjiMurasaki Shikibu
11%
The Pillow BookSei Shōnagon
9%
Scivias, Liber Vitae MeritorumHildegard of Bingen
7%
Lanval, Bisclavret, LaüsticMarie de France
7%
The Interior Castle, The Way of PerfectionSaint Teresa of Ávila
7%
The Dream; Loa to Divine Narcissus; poetry in Spanish, Latin, and NahuatlSor Juana Inés de la Cruz
6%
My Brilliant Career, All That SwaggerMiles Franklin
4%
The Restlessness of the Rose, World of Seven WellsAlfonsina Storni
2%
Gods and Fighting Men (translation), A Book of Saints and WondersLady Gregory
2%

Score Distribution

Percentile by Number Answered

Percent of People with Each Score

Your Score History

You have not taken this quiz